[Event "Wellington CC Summer Cup"]
[Site "Wellington"]
[Date "2015.03.12"]
[Round "5"]
[White "Van der Hoorn, Mark"]
[Black "Brockway, Andrew"]
[Result "1-0"]
[WhiteElo "2234"]
[BlackElo "1791"]
[PlyCount "65"]
[EventDate "2015.02.05"]
[EventType "swiss"]
[EventRounds "8"]
[EventCountry "NZL"]
[SourceTitle "EXT 2018"]
[Source "ChessBase"]
[SourceDate "2017.10.13"]
[SourceVersion "1"]
[SourceVersionDate "2017.10.13"]
[SourceQuality "1"]

1. d4 d5 2. e4 dxe4 3. Nc3 e5 4. Nxe4 Qxd4 5. Bd3 Nc6 6. f4 Nb4 7. Nf3 Nxd3+ 8. cxd3 Bb4+ 9. Kf1 Bg4 10. Qa4+ Bd7 11. Qb3 Qb6 12. Nxe5 Be6 13. Qa4+ c6 14. Ke2 Qa5 15. Nd6+ Ke7 16. Qxa5 Bxa5 17. Nxb7 Bb6 18. Nxc6+ Kd7 19. Nca5 Bg4+ 20. Kd2 Bxa5+ 21. Nxa5 Nf6 22. Nc4 Be6 23. b3 Nd5 24. g3 Kc7 25. Ba3 Rad8 26. Rac1 Kb8 27. Bb2 Nb4 28. Ne5 Bf5 29. d4 Rhf8 30. Rc4 a5 31. Rc5 Rd5 32. Rhc1 f6 33. Nc6+ 1-0

[Event "Wellington CC Autumn Cup-A"]
[Site "Wellington"]
[Date "2014.06.05"]
[Round "1"]
[White "Van der Hoorn, Mark"]
[Black "Dive, Russell John"]
[Result "0-1"]
[WhiteElo "2250"]
[BlackElo "2451"]
[PlyCount "74"]
[EventDate "2014.05.01"]
[EventType "tourn"]
[EventRounds "5"]
[EventCountry "NZL"]
[SourceTitle "EXT 2018"]
[Source "ChessBase"]
[SourceDate "2017.10.13"]
[SourceVersion "1"]
[SourceVersionDate "2017.10.13"]
[SourceQuality "1"]

1. c4 e5 2. d3 Nc6 3. Nc3 g6 4. Nf3 Bg7 5. g3 f5 6. Bg2 Nf6 7. 0-0 0-0 8. Bd2 d6 9. Rb1 a5 10. a3 Kh8 11. b4 axb4 12. axb4 h6 13. b5 Ne7 14. b6 c5 15. Qb3 Bd7 16. Ra1 Bc6 17. Nh4 Bxg2 18. Kxg2 g5 19. Nf3 Qd7 20. Qb5 Nc6 21. Ra4 e4 22. dxe4 fxe4 23. Ne1 Qe6 24. Nc2 Nd4 25. Nxd4 cxd4 26. Rxa8 Rxa8 27. Nd5 Ra2 28. Bb4 Rxe2 29. Nxf6 Qxf6 30. Qd5 e3 31. Qxb7 Rxf2+ 32. Rxf2 Qxf2+ 33. Kh3 h5 34. Qa8+ Bf8 35. g4 Qf1+ 36. Qg2 hxg4+ 37. Kg3 Qf4# 0-1

[Event "Wellington CC Summer Cup"]
[Site "Wellington"]
[Date "2014.03.20"]
[Round "6"]
[White "Van der Hoorn, Mark"]
[Black "Jackson, L Ross"]
[Result "1-0"]
[WhiteElo "2232"]
[BlackElo "2000"]
[PlyCount "39"]
[EventDate "2014.01.30"]
[EventType "swiss"]
[EventRounds "8"]
[EventCountry "NZL"]
[SourceTitle "EXT 2018"]
[Source "ChessBase"]
[SourceDate "2017.10.13"]
[SourceVersion "1"]
[SourceVersionDate "2017.10.13"]
[SourceQuality "1"]

1. d4 d5 2. Bf4 Nf6 3. e3 Bg4 4. f3 Bf5 5. Bd3 e6 6. Bxf5 exf5 7. Qd3 Qd7 8. Ne2 Nc6 9. 0-0 Nh5 10. Nbc3 Nxf4 11. Nxf4 Ne7 12. e4 dxe4 13. fxe4 0-0-0 14. Rad1 fxe4 15. Nxe4 Nc6 16. d5 Ne5 17. Qd4 Nc6 18. Qa4 Nb8 19. Qxa7 b6 20. d6 1-0

[Event "Wellington CC Summer Cup"]
[Site "Wellington"]
[Date "2014.03.13"]
[Round "5"]
[White "Brockway, Andrew"]
[Black "Van der Hoorn, Mark"]
[Result "0-1"]
[WhiteElo "1769"]
[BlackElo "2232"]
[PlyCount "67"]
[EventDate "2014.01.30"]
[EventType "swiss"]
[EventRounds "8"]
[EventCountry "NZL"]
[SourceTitle "EXT 2018"]
[Source "ChessBase"]
[SourceDate "2017.10.13"]
[SourceVersion "1"]
[SourceVersionDate "2017.10.13"]
[SourceQuality "1"]

1. e4 e5 2. Nf3 Nc6 3. Bb5 f5 4. d3 fxe4 5. dxe4 Nf6 6. Qe2 d6 7. Qc4 Bd7 8. Nc3 a6 9. Bxc6 Bxc6 10. Nd5 Nxd5 11. exd5 Bd7 12. Bg5 Be7 13. Qh4 Bxg5 14. Qxg5 0-0 15. Qxd8 Raxd8 16. Nd2 Rf4 17. c3 Rdf8 18. f3 Bb5 19. Rc1 Bd3 20. c4 e4 21. g3 Rxf3 22. Nxf3 Rxf3 23. Kd2 b6 24. Rc3 Kf7 25. Rxd3 Rxd3+ 26. Ke2 Rf3 27. Rc1 Kf6 28. b4 Ke5 29. c5 bxc5 30. bxc5 Ra3 31. cxd6 Rxa2+ 32. Ke3 cxd6 33. h4 Ra3+ 34. Kf2 0-1

[Event "Wellington CC Summer Cup"]
[Site "Wellington"]
[Date "2014.02.20"]
[Round "3"]
[White "Cunningham, Patrick D"]
[Black "Van der Hoorn, Mark"]
[Result "0-1"]
[WhiteElo "1783"]
[BlackElo "2232"]
[PlyCount "92"]
[EventDate "2014.01.30"]
[EventType "swiss"]
[EventRounds "8"]
[EventCountry "NZL"]
[SourceTitle "EXT 2018"]
[Source "ChessBase"]
[SourceDate "2017.10.13"]
[SourceVersion "1"]
[SourceVersionDate "2017.10.13"]
[SourceQuality "1"]

1. e4 c6 2. d4 d5 3. exd5 cxd5 4. Nf3 Nc6 5. Bb5 Bg4 6. Nc3 e6 7. h3 Bxf3 8. Qxf3 Bd6 9. 0-0 Qf6 10. Qe3 Nge7 11. Re1 0-0 12. Ne2 Nf5 13. Qg5 Qxg5 14. Bxg5 Nfxd4 15. Bd3 Rac8 16. c3 Nxe2+ 17. Rxe2 Ne5 18. Bb5 a6 19. Ba4 Nc4 20. Rae1 b5 21. Bd1 b4 22. b3 Nb6 23. Be3 Nd7 24. c4 dxc4 25. bxc4 Bc5 26. Ba4 Bxe3 27. Bxd7 Rc7 28. Bxe6 fxe6 29. Rxe3 Rxc4 30. Rxe6 Rc2 31. Rxa6 Rfxf2 32. Re8+ Kf7 33. Rae6 Rxg2+ 34. Kf1 h6 35. R8e7+ Kg8 36. Re2 Rgxe2 37. Rxe2 Rxe2 38. Kxe2 g5 39. Kf3 Kf7 40. Ke4 Kg6 41. Kf3 Kf5 42. Ke3 Ke5 43. Kd3 h5 44. Ke3 g4 45. h4 Kf5 46. Kf2 Ke4 0-1

[Event "Wellington Mazur Memorial"]
[Site "Wellington"]
[Date "2013.12.12"]
[Round "8"]
[White "Van der Hoorn, Mark"]
[Black "Dive, Russell John"]
[Result "1-0"]
[WhiteElo "2230"]
[BlackElo "2421"]
[PlyCount "101"]
[EventDate "2013.10.26"]
[EventType "swiss"]
[EventRounds "8"]
[EventCountry "NZL"]
[SourceTitle "EXT 2018"]
[Source "ChessBase"]
[SourceDate "2017.10.13"]
[SourceVersion "1"]
[SourceVersionDate "2017.10.13"]
[SourceQuality "1"]

1. d4 Nf6 2. c4 e6 3. Nc3 Bb4 4. f3 d5 5. a3 Bxc3+ 6. bxc3 c5 7. cxd5 exd5 8. Bg5 h6 9. Bh4 0-0 10. e3 Re8 11. Qd2 Ne4 12. Bxd8 Nxd2 13. Kxd2 Rxd8 14. Bd3 Nc6 15. Ne2 Na5 16. Rab1 Bd7 17. e4 Rac8 18. e5 Ba4 19. dxc5 Nb3+ 20. Rxb3 Bxb3 21. Rb1 Bc4 22. Rxb7 a6 23. Nd4 Bxd3 24. Kxd3 Re8 25. c6 Rxe5 26. f4 Ree8 27. Rd7 Rcd8 28. Ra7 Kf8 29. Rxa6 Ra8 30. Rxa8 Rxa8 31. Nb5 Ke7 32. Kd4 Kd8 33. Kxd5 Ra4 34. c4 f6 35. Kc5 g5 36. c7+ Kd7 37. fxg5 hxg5 38. g4 Ra6 39. Kd5 Ra8 40. c5 Ra6 41. c8Q+ Kxc8 42. c6 Ra4 43. h3 Rf4 44. Kc5 Rf3 45. Kb6 Rb3 46. a4 Kb8 47. a5 Rb1 48. a6 Ka8 49. c7 Rc1 50. c8Q+ Rxc8 51. Nc7+ 1-0

[Event "Wellington Mazur Memorial"]
[Site "Wellington"]
[Date "2013.11.07"]
[Round "3"]
[White "Wastney, Scott C"]
[Black "Van der Hoorn, Mark"]
[Result "1-0"]
[WhiteElo "2447"]
[BlackElo "2230"]
[PlyCount "51"]
[EventDate "2013.10.26"]
[EventType "swiss"]
[EventRounds "8"]
[EventCountry "NZL"]
[SourceTitle "EXT 2018"]
[Source "ChessBase"]
[SourceDate "2017.10.13"]
[SourceVersion "1"]
[SourceVersionDate "2017.10.13"]
[SourceQuality "1"]

1. e4 c5 2. Nf3 e6 3. d4 cxd4 4. Nxd4 Nc6 5. Nc3 Qc7 6. f4 a6 7. Nxc6 Qxc6 8. Bd3 b5 9. Qe2 Bb7 10. Bd2 Be7 11. a3 Rc8 12. 0-0 Nf6 13. e5 Nd5 14. Nxd5 Qxd5 15. Kh1 0-0 16. Rad1 Qc6 17. Rf3 g6 18. Ba5 f6 19. Rg3 fxe5 20. Bxg6 hxg6 21. Rxg6+ Kf7 22. Qh5 Bf6 23. fxe5 Bg7 24. Qh7 Ke8 25. Rxg7 Qc5 26. Qg6+ 1-0

[Event "Wellington CC-chA"]
[Site "Wellington"]
[Date "2013.10.03"]
[Round "8"]
[White "Van der Hoorn, Mark"]
[Black "Stone, Andrew"]
[Result "1-0"]
[WhiteElo "2149"]
[BlackElo "1920"]
[PlyCount "35"]
[EventDate "2013.08.01"]
[EventType "tourn"]
[EventRounds "9"]
[EventCountry "NZL"]
[SourceTitle "EXT 2018"]
[Source "ChessBase"]
[SourceDate "2017.10.13"]
[SourceVersion "1"]
[SourceVersionDate "2017.10.13"]
[SourceQuality "1"]

1. e4 c5 2. Nc3 d6 3. f4 Nc6 4. Nf3 g6 5. Bc4 Bg7 6. 0-0 e6 7. f5 exf5 8. d3 Nge7 9. Qe1 0-0 10. Qh4 d5 11. exd5 Nd4 12. Bg5 Re8 13. Rae1 Bf8 14. d6 Qxd6 15. Bxf7+ Kxf7 16. Qxh7+ Bg7 17. Ne5+ Kf8 18. Bxe7+ 1-0

[Event "Wellington CC-chA"]
[Site "Wellington"]
[Date "2013.09.26"]
[Round "9"]
[White "Aldridge, Alan L"]
[Black "Van der Hoorn, Mark"]
[Result "0-1"]
[WhiteElo "1940"]
[BlackElo "2149"]
[PlyCount "106"]
[EventDate "2013.08.01"]
[EventType "tourn"]
[EventRounds "9"]
[EventCountry "NZL"]
[SourceTitle "EXT 2018"]
[Source "ChessBase"]
[SourceDate "2017.10.13"]
[SourceVersion "1"]
[SourceVersionDate "2017.10.13"]
[SourceQuality "1"]

1. e4 e5 2. Nf3 Nc6 3. Bb5 f5 4. d4 fxe4 5. Nxe5 Nf6 6. Nc3 Be7 7. 0-0 0-0 8. Bg5 Qe8 9. Bc4+ Kh8 10. Qd2 d6 11. Nxc6 bxc6 12. Rae1 d5 13. Be2 Qg6 14. f3 Bf5 15. Bd1 Rae8 16. fxe4 dxe4 17. a3 Ng4 18. Bxg4 Bxg5 19. Bxf5 Rxf5 20. Qe2 e3 21. Rxf5 Qxf5 22. Rf1 Qe6 23. Qd3 Bh4 24. g3 Bf6 25. Ne2 Qd5 26. c3 Qb3 27. Qa6 Qxb2 28. Qxc6 Rg8 29. Qa6 Rf8 30. a4 Qb8 31. Qb5 Qd8 32. Qc5 Be7 33. Qh5 Rxf1+ 34. Kxf1 Qf8+ 35. Ke1 Qf2+ 36. Kd1 Kg8 37. Kc2 g6 38. Qd5+ Kf8 39. Kd3 Qxh2 40. Qf3+ Kg7 41. Qxe3 Bd6 42. Nf4 Bxf4 43. Qxf4 c6 44. Qe5+ Kh6 45. g4 Qxe5 46. dxe5 Kg5 47. Ke4 h5 48. Kd4 hxg4 49. Kc5 g3 50. e6 g2 51. e7 g1Q+ 52. Kd6 Qd1+ 53. Ke6 Qxa4 0-1

[Event "Wellington CC-chA"]
[Site "Wellington"]
[Date "2013.09.05"]
[Round "6"]
[White "Van der Hoorn, Mark"]
[Black "Sellen, Ian"]
[Result "1/2-1/2"]
[WhiteElo "2149"]
[BlackElo "1983"]
[PlyCount "105"]
[EventDate "2013.08.01"]
[EventType "tourn"]
[EventRounds "9"]
[EventCountry "NZL"]
[SourceTitle "EXT 2018"]
[Source "ChessBase"]
[SourceDate "2017.10.13"]
[SourceVersion "1"]
[SourceVersionDate "2017.10.13"]
[SourceQuality "1"]

1. d4 e6 2. Bf4 d5 3. e3 Bd6 4. Bxd6 Qxd6 5. Qg4 Ne7 6. Qxg7 Rg8 7. Qxh7 Qb4+ 8. Nd2 Qxb2 9. Rb1 Qxa2 10. Be2 Nd7 11. Ngf3 Nf6 12. Qh4 Ne4 13. 0-0 Nc3 14. Bb5+ c6 15. Ra1 Qxc2 16. Bc4 Qg6 17. g3 dxc4 18. Ne5 Qg7 19. Ndxc4 Nf5 20. Qh5 Rh8 21. Qf3 Nh4 22. Nd6+ Kf8 23. Qxf7+ Qxf7 24. Ndxf7 Rg8 25. Nd6 Nf5 26. Ndc4 Kg7 27. Nb6 Rb8 28. Rxa7 Nb5 29. Raa1 Ne7 30. Kg2 Nd5 31. Nbc4 Rd8 32. h4 Nd6 33. Ra7 Nxc4 34. Nxc6 Bd7 35. Nxd8 Rxd8 36. Rxb7 Ndxe3+ 37. fxe3 Nxe3+ 38. Kg1 Nxf1 39. Kxf1 Kg6 40. Kf2 Kf5 41. Rb4 Ke4 42. Rb2 Kxd4 43. Rd2+ Ke5 44. Ke3 Kf6 45. Kf4 e5+ 46. Ke3 Ke6 47. g4 Ra8 48. h5 Ra4 49. g5 Rg4 50. g6 Be8 51. Rd8 Ke7 52. Rd5 Ke6 53. Rd8 1/2-1/2

[Event "Wellington CC-chA"]
[Site "Wellington"]
[Date "2013.08.23"]
[Round "4"]
[White "Van der Hoorn, Mark"]
[Black "Nyberg, Michael"]
[Result "1-0"]
[WhiteElo "2149"]
[BlackElo "1938"]
[PlyCount "39"]
[EventDate "2013.08.01"]
[EventType "tourn"]
[EventRounds "9"]
[EventCountry "NZL"]
[SourceTitle "EXT 2018"]
[Source "ChessBase"]
[SourceDate "2017.10.13"]
[SourceVersion "1"]
[SourceVersionDate "2017.10.13"]
[SourceQuality "1"]

1. d4 Nf6 2. c4 e6 3. Nc3 Bb4 4. e3 b6 5. Bd3 Bb7 6. f3 c5 7. a3 Bxc3+ 8. bxc3 0-0 9. Ne2 d6 10. 0-0 Nc6 11. Ng3 Qc7 12. Bb1 Rad8 13. Qd3 g6 14. e4 cxd4 15. cxd4 e5 16. Bg5 Qe7 17. f4 exd4 18. Nh5 gxh5 19. e5 dxe5 20. Bxf6 1-0

[Event "Wellington CC-chA"]
[Site "Wellington"]
[Date "2013.08.15"]
[Round "3"]
[White "Dive, Russell John"]
[Black "Van der Hoorn, Mark"]
[Result "1-0"]
[WhiteElo "2331"]
[BlackElo "2149"]
[PlyCount "29"]
[EventDate "2013.08.01"]
[EventType "tourn"]
[EventRounds "9"]
[EventCountry "NZL"]
[SourceTitle "EXT 2018"]
[Source "ChessBase"]
[SourceDate "2017.10.13"]
[SourceVersion "1"]
[SourceVersionDate "2017.10.13"]
[SourceQuality "1"]

1. Nf3 d5 2. c4 d4 3. d3 Nc6 4. g3 e5 5. Bg2 Bg4 6. h3 Bh5 7. 0-0 Qd7 8. Nbd2 Be7 9. a3 a5 10. Qa4 Ra6 11. Qb5 Nf6 12. Qxb7 Rb6 13. Qa8+ Rb8 14. Nxe5 Rxa8 15. Bxc6 1-0

[Event "Wellington CC Autumn Cup-A"]
[Site "Wellington"]
[Date "2013.05.30"]
[Round "4"]
[White "Stone, Andrew"]
[Black "Van der Hoorn, Mark"]
[Result "1-0"]
[WhiteElo "2008"]
[BlackElo "2180"]
[PlyCount "121"]
[EventDate "2013.05.09"]
[EventType "tourn"]
[EventRounds "5"]
[EventCountry "NZL"]
[SourceTitle "EXT 2018"]
[Source "ChessBase"]
[SourceDate "2017.10.13"]
[SourceVersion "1"]
[SourceVersionDate "2017.10.13"]
[SourceQuality "1"]

1. e4 e5 2. Nf3 Nc6 3. Bc4 Nf6 4. d4 exd4 5. 0-0 Bc5 6. e5 d5 7. exf6 dxc4 8. Re1+ Be6 9. Ng5 Qd5 10. Nc3 Qf5 11. Nce4 0-0-0 12. g4 Qe5 13. Nf3 Qd5 14. fxg7 Rhg8 15. Nf6 Qd6 16. Nxg8 Rxg8 17. Ng5 Bb4 18. Ne4 Qd7 19. Nf6 Bxg4 20. Nxd7 Bxd1 21. Rxd1 Rxg7+ 22. Kf1 Kxd7 23. c3 Bd6 24. cxd4 Bxh2 25. Ke2 Nb4 26. Be3 Nd5 27. Rh1 Bd6 28. a4 a6 29. Rh4 f5 30. Rah1 Nf6 31. Bf4 b5 32. Be5 Re7 33. f4 Nd5 34. Kd1 b4 35. Rxh7 Rxh7 36. Rxh7+ Kc6 37. Rh6 Ne3+ 38. Kd2 Ng4 39. Rh5 Kd5 40. Rxf5 Ke4 41. Rg5 Nh2 42. Rg6 Nf3+ 43. Kc1 Kd5 44. Bxd6 cxd6 45. f5 Nxd4 46. f6 Ne6 47. Kd2 Nf4 48. Rg5+ Kc6 49. Rg4 c3+ 50. bxc3 bxc3+ 51. Kc2 Nd5 52. f7 Ne3+ 53. Kxc3 Nxg4 54. f8Q Ne5 55. Qc8+ Kb6 56. Qb8+ Kc5 57. Qb4+ Kc6 58. a5 Nd7 59. Kd4 d5 60. Qc3+ Kd6 61. Qc8 1-0

[Event "Wellington CC Summer Cup"]
[Site "Wellington"]
[Date "2013.02.21"]
[Round "3"]
[White "Van der Hoorn, Mark"]
[Black "Stracy, Don M"]
[Result "1-0"]
[WhiteElo "2165"]
[BlackElo "1763"]
[PlyCount "43"]
[EventDate "2013.02.07"]
[EventType "swiss"]
[EventRounds "8"]
[EventCountry "NZL"]
[SourceTitle "EXT 2018"]
[Source "ChessBase"]
[SourceDate "2017.10.13"]
[SourceVersion "1"]
[SourceVersionDate "2017.10.13"]
[SourceQuality "1"]

1. d4 Nf6 2. c4 e6 3. Nc3 Bb4 4. f3 c5 5. a3 Bxc3+ 6. bxc3 0-0 7. e4 d6 8. Bd3 Nc6 9. Ne2 b6 10. 0-0 e5 11. Bg5 h6 12. Bh4 Bb7 13. d5 Na5 14. f4 exf4 15. Nxf4 g5 16. Nh5 Nxh5 17. Qxh5 Kg7 18. e5 dxe5 19. Rf5 Bc8 20. Bxg5 hxg5 21. Rxg5+ Kf6 22. Rxe5 1-0

[Event "Wellington CC-chA"]
[Site "Wellington"]
[Date "2011.10.11"]
[Round "6"]
[White "Forster, William"]
[Black "Van der Hoorn, Mark"]
[Result "0-1"]
[WhiteElo "1913"]
[BlackElo "2155"]
[PlyCount "70"]
[EventDate "2011.07.26"]
[EventType "tourn"]
[EventRounds "9"]
[EventCountry "NZL"]
[SourceTitle "EXT 2018"]
[Source "ChessBase"]
[SourceDate "2017.10.13"]
[SourceVersion "1"]
[SourceVersionDate "2017.10.13"]
[SourceQuality "1"]

1. Nf3 d5 2. c4 d4 3. b4 f6 4. Bb2 e5 5. a3 c5 6. bxc5 Bg4 7. Qb3 Nd7 8. d3 Bxf3 9. gxf3 Ne7 10. Bh3 Nxc5 11. Qc2 Ng6 12. Bc1 a5 13. a4 Na6 14. Ba3 Nf4 15. Bf5 Bb4+ 16. Kf1 Nc5 17. Nd2 g6 18. Be4 f5 19. Bd5 Qg5 20. Rg1 Qh4 21. Bxb4 axb4 22. Nb3 Qxh2 23. Rg3 Nh3 24. Rxh3 Qxh3+ 25. Kg1 Rxa4 26. Rxa4 Nxa4 27. Nxd4 Nc3 28. Nb5 Nxd5 29. cxd5 0-0 30. d6 f4 31. Qc4+ Kg7 32. Qc7+ Rf7 33. d7 Qxd7 34. Qxe5+ Rf6 35. Nc7 Kf7 0-1

[Event "Wellington CC-chA"]
[Site "Wellington"]
[Date "2011.09.20"]
[Round "9"]
[White "Van der Hoorn, Mark"]
[Black "Jackson, L Ross"]
[Result "1-0"]
[WhiteElo "2155"]
[BlackElo "1961"]
[PlyCount "127"]
[EventDate "2011.07.26"]
[EventType "tourn"]
[EventRounds "9"]
[EventCountry "NZL"]
[SourceTitle "EXT 2018"]
[Source "ChessBase"]
[SourceDate "2017.10.13"]
[SourceVersion "1"]
[SourceVersionDate "2017.10.13"]
[SourceQuality "1"]

1. d4 d5 2. Bf4 Nf6 3. e3 e6 4. Nd2 Be7 5. Bd3 Nbd7 6. Ngf3 c5 7. c3 Qb6 8. Rb1 0-0 9. Ne5 Bd6 10. Nec4 dxc4 11. Nxc4 Qa6 12. Bxd6 b5 13. Bxf8 bxc4 14. Be2 Kxf8 15. b3 Bb7 16. 0-0 Be4 17. Rb2 Qc6 18. bxc4 Nb6 19. f3 Bg6 20. Rb5 Nfd7 21. Qb3 Rb8 22. Qa3 a6 23. Ra5 Ra8 24. Rd1 f6 25. Rxa6 Rxa6 26. Qxa6 Qa4 27. Qxa4 Nxa4 28. d5 Nxc3 29. dxe6 Ne5 30. Rd2 Nxe2+ 31. Rxe2 Bd3 32. Rd2 Bxc4 33. f4 Ng4 34. h3 Nxe3 35. a4 Ke7 36. Kf2 Nd5 37. f5 g6 38. Rc2 Bb3 39. Rxc5 gxf5 40. a5 Kd6 41. Rb5 Bc4 42. Rb7 Kxe6 43. Rxh7 f4 44. Rb7 Kf5 45. Kf3 Bd3 46. Rg7 Nc3 47. h4 Be4+ 48. Kf2 Nd1+ 49. Kg1 Ne3 50. h5 Ng4 51. a6 f3 52. Rxg4 Kxg4 53. gxf3+ Bxf3 54. h6 Be4 55. a7 Kg5 56. h7 Bxh7 57. a8Q Bg6 58. Kf2 Bf5 59. Kg3 Bg6 60. Qd8 Bf5 61. Qd4 Kg6 62. Kf4 Bc2 63. Qc4 Bf5 64. Qg8+ 1-0

[Event "Wellington CC-chA"]
[Site "Wellington"]
[Date "2011.08.23"]
[Round "5"]
[White "Van der Hoorn, Mark"]
[Black "Nijman, Brian"]
[Result "0-1"]
[WhiteElo "2155"]
[BlackElo "2150"]
[PlyCount "74"]
[EventDate "2011.07.26"]
[EventType "tourn"]
[EventRounds "9"]
[EventCountry "NZL"]
[SourceTitle "EXT 2018"]
[Source "ChessBase"]
[SourceDate "2017.10.13"]
[SourceVersion "1"]
[SourceVersionDate "2017.10.13"]
[SourceQuality "1"]

1. d4 d5 2. Bf4 g6 3. e3 Bg7 4. c4 Nf6 5. Nc3 0-0 6. cxd5 Nxd5 7. Nxd5 Qxd5 8. Bxc7 Nc6 9. Nf3 Bg4 10. Be2 Rac8 11. Bg3 Qa5+ 12. Nd2 Bxe2 13. Qxe2 Bxd4 14. 0-0 Be5 15. Nb3 Qc7 16. Rac1 Bxg3 17. hxg3 Rfd8 18. Rfd1 Qe5 19. Rxd8+ Rxd8 20. Nc5 Qd5 21. Nxb7 Rb8 22. Rc5 Qe4 23. Qb5 Nb4 24. Rc7 Nd5 25. Rc4 Qb1+ 26. Kh2 Nb6 27. Rf4 Qxa2 28. Na5 Qd5 29. Qb4 e5 30. Rc4 Nd7 31. Qc3 Nb6 32. Rc5 Qd8 33. Nc6 Qd1 34. Qxe5 Nd7 35. Qf4 Re8 36. Nxa7 Nxc5 37. b4 Qh5+ 0-1

[Event "Wellington CC Autumn Cup-A"]
[Site "Wellington"]
[Date "2011.05.17"]
[Round "4"]
[White "Van der Hoorn, Mark"]
[Black "Nijman, Brian"]
[Result "1/2-1/2"]
[WhiteElo "2178"]
[BlackElo "2167"]
[PlyCount "113"]
[EventDate "2011.04.26"]
[EventType "tourn"]
[EventRounds "5"]
[EventCountry "NZL"]
[SourceTitle "EXT 2018"]
[Source "ChessBase"]
[SourceDate "2017.10.13"]
[SourceVersion "1"]
[SourceVersionDate "2017.10.13"]
[SourceQuality "1"]

1. d4 e6 2. Bf4 Nf6 3. e3 b6 4. Nd2 Ba6 5. Qf3 d5 6. Ne2 Bb4 7. c3 Bd6 8. g4 Bd3 9. Ng3 Bxf1 10. Kxf1 0-0 11. g5 Ne8 12. e4 Bxf4 13. Qxf4 f6 14. g6 hxg6 15. Qg4 f5 16. Qxg6 Rf6 17. Qg5 fxe4 18. Ndxe4 dxe4 19. Nxe4 Qd5 20. Qxd5 exd5 21. Nxf6+ Nxf6 22. Re1 Nbd7 23. Kg2 Kf7 24. a4 a6 25. b4 a5 26. b5 Re8 27. c4 dxc4 28. Rc1 Re2 29. Rxc4 Nd5 30. Kf3 Rb2 31. Rhc1 N7f6 32. Rc6 Rb3+ 33. Kg2 Ra3 34. Rxc7+ Nxc7 35. Rxc7+ Ke6 36. Rc6+ Kd5 37. Rxb6 Rxa4 38. Ra6 Ne4 39. Rg6 Ra2 40. Rxg7 Rxf2+ 41. Kg1 Rb2 42. Rd7+ Ke6 43. Rb7 a4 44. Ra7 Nc3 45. Ra6+ Kd5 46. b6 Kxd4 47. h4 Kc5 48. h5 Kc6 49. h6 Rb4 50. Ra8 Ne2+ 51. Kf2 Nf4 52. h7 Ng6 53. Rg8 Rb2+ 54. Ke3 Rh2 55. Rxg6+ Kb7 56. Rg7+ Kxb6 57. Kd3 1/2-1/2

[Event "Wellington Mazur Memorial"]
[Site "Wellington"]
[Date "2010.11.16"]
[Round "5"]
[White "Van der Hoorn, Mark"]
[Black "Roberts, Michael H"]
[Result "1-0"]
[WhiteElo "2182"]
[BlackElo "1710"]
[PlyCount "33"]
[EventDate "2010.10.19"]
[EventType "swiss"]
[EventRounds "8"]
[EventCountry "NZL"]
[SourceTitle "EXT 2018"]
[Source "ChessBase"]
[SourceDate "2017.10.13"]
[SourceVersion "1"]
[SourceVersionDate "2017.10.13"]
[SourceQuality "1"]

1. e4 e5 2. Nc3 Nf6 3. f4 d6 4. Nf3 Be7 5. fxe5 dxe5 6. Nxe5 Nxe4 7. d4 Nxc3 8. bxc3 0-0 9. Bd3 Nd7 10. 0-0 Nxe5 11. dxe5 Be6 12. Qe2 Bc5+ 13. Kh1 c6 14. Qh5 g6 15. Qh6 Qc7 16. Bg5 Be7 17. Bf6 1-0

[Event "Wellington CC-chA"]
[Site "Wellington"]
[Date "2010.08.10"]
[Round "3"]
[White "Marner, Gavin"]
[Black "Van der Hoorn, Mark"]
[Result "1-0"]
[WhiteElo "2034"]
[BlackElo "2182"]
[PlyCount "79"]
[EventDate "2010.07.27"]
[EventType "tourn"]
[EventRounds "9"]
[EventCountry "NZL"]
[SourceTitle "EXT 2018"]
[Source "ChessBase"]
[SourceDate "2017.10.13"]
[SourceVersion "1"]
[SourceVersionDate "2017.10.13"]
[SourceQuality "1"]

1. e4 e5 2. f4 exf4 3. Bc4 d5 4. exd5 Qh4+ 5. Kf1 f3 6. Bb5+ Bd7 7. Bxd7+ Nxd7 8. Nxf3 Qh5 9. Qe2+ Ne7 10. Nc3 0-0-0 11. d6 Nf5 12. dxc7 Ng3+ 13. hxg3 Qxh1+ 14. Kf2 Bc5+ 15. d4 Rde8 16. Qc4 Nf6 17. dxc5 h5 18. Ng1 Ng4+ 19. Kf1 Nh2+ 20. Kf2 Ng4+ 21. Kf1 Nh2+ 22. Kf2 Re1 23. Nce2 Re8 24. Kxe1 Qxg1+ 25. Kd2 Qxg2 26. Qd3 Kxc7 27. Kc3 Qxe2 28. Bf4+ Kc8 29. Qd6 Qf3+ 30. Kb4 Re4+ 31. c4 Rxf4 32. gxf4 Qe2 33. Qf8+ Kc7 34. Qxf7+ Kb8 35. Qg8+ Kc7 36. Qxg7+ Kc8 37. Qh8+ Kd7 38. Qd4+ Kc7 39. Rd1 Qe8 40. Qe5+ 1-0

[Event "Wellington op"]
[Site "Wellington"]
[Date "2008.03.22"]
[Round "4"]
[White "Croad, Nicholas"]
[Black "Van der Hoorn, Mark"]
[Result "1-0"]
[WhiteElo "2313"]
[BlackElo "2172"]
[PlyCount "127"]
[EventDate "2008.03.21"]
[EventType "swiss"]
[EventRounds "6"]
[EventCountry "NZL"]
[SourceTitle "EXT 2018"]
[Source "ChessBase"]
[SourceDate "2017.10.13"]
[SourceVersion "1"]
[SourceVersionDate "2017.10.13"]
[SourceQuality "1"]

1. d4 Nf6 2. c4 c5 3. d5 b5 4. cxb5 a6 5. bxa6 g6 6. Nc3 Bxa6 7. e4 Bxf1 8. Kxf1 d6 9. Nf3 Bg7 10. g3 0-0 11. Kg2 Nbd7 12. Re1 Ng4 13. Qe2 Nge5 14. Nd2 Nb6 15. f4 Ned7 16. Qb5 Qc7 17. Qb3 Rfb8 18. Qc2 c4 19. Nf3 Nc5 20. Nb5 Qd7 21. Nbd4 Nb3 22. Nxb3 cxb3 23. Qxb3 Na4 24. Qc2 Bxb2 25. Rb1 Rc8 26. Qf2 Bxc1 27. Rbxc1 Nc3 28. Rc2 Rc5 29. Nd4 Qa4 30. Nb3 Rc4 31. Rec1 Rac8 32. Nd2 R4c5 33. Nb3 Qxe4+ 34. Qf3 Qxf3+ 35. Kxf3 Nxa2 36. Rxc5 Rxc5 37. Rxc5 dxc5 38. Ke4 Nc3+ 39. Ke5 Na4 40. d6 exd6+ 41. Kxd6 c4 42. Nd4 Kg7 43. Kc6 Kf6 44. Kb5 Nb2 45. Kb4 h5 46. Kc3 Nd1+ 47. Kxc4 Ne3+ 48. Kd3 Nf1 49. Nf3 Kf5 50. Ke2 Nxg3+ 51. hxg3 f6 52. Nh4+ Kg4 53. Kf2 g5 54. fxg5 fxg5 55. Ng2 Kf5 56. Kf3 Ke5 57. Ne3 Kf6 58. Ke4 Ke6 59. Nf5 Kf6 60. Nd4 Kg6 61. Ke5 g4 62. Kf4 h4 63. gxh4 Kh5 64. Kg3 1-0

[Event "Wellington op"]
[Site "Wellington"]
[Date "2008.03.21"]
[Round "2"]
[White "Van der Hoorn, Mark"]
[Black "Aldridge, Alan L"]
[Result "1-0"]
[WhiteElo "2172"]
[BlackElo "1962"]
[PlyCount "59"]
[EventDate "2008.03.21"]
[EventType "swiss"]
[EventRounds "6"]
[EventCountry "NZL"]
[SourceTitle "EXT 2018"]
[Source "ChessBase"]
[SourceDate "2017.10.13"]
[SourceVersion "1"]
[SourceVersionDate "2017.10.13"]
[SourceQuality "1"]

1. e4 c6 2. d4 d5 3. exd5 cxd5 4. Bd3 Nf6 5. Bg5 Bg4 6. f3 Bh5 7. Bxf6 gxf6 8. Ne2 Bh6 9. 0-0 Nc6 10. Ng3 Bg6 11. f4 Qb6 12. f5 Qxb2 13. Nd2 Qxd4+ 14. Kh1 0-0-0 15. Nb3 Qh4 16. Be2 d4 17. Qd3 Bf4 18. Qf3 Bxg3 19. Qxg3 Qxg3 20. hxg3 e5 21. Kg1 Rd6 22. Nc5 Nb4 23. Ne4 Rc6 24. fxg6 fxg6 25. Rxf6 Rxc2 26. Bg4+ Kc7 27. Rf7+ Kb6 28. Rb1 Ka5 29. Rxb7 Na6 30. R7b5+ 1-0